Economic Sanctions and Their Effectivness in Conflicts
Analýza základnej ekonomiky sankcií a relevantných štúdií zameraných na efektívnosť sankcií. Sankčné prípady týkajúce sa Spojených štátov amerických. Ekonomika sankcií: trhy pred uložením sankcií, vývozné sankcie, dovozné sankcie.
Saved in:
| Main Author: | |
|---|---|
| Format: | Book Chapter |
| Language: | English |
| Subjects: | |
| Tags: |
No Tags, Be the first to tag this record!
|
MARC
| LEADER | 00000naa$a2200000$$$4500 | ||
|---|---|---|---|
| 001 | 0251982 | ||
| 005 | 20240502074036.3 | ||
| 041 | 0 | |a eng | |
| 044 | |a SK | ||
| 245 | 1 | 0 | |a Economic Sanctions and Their Effectivness in Conflicts |c Martin Grešš |
| 520 | |a Analýza základnej ekonomiky sankcií a relevantných štúdií zameraných na efektívnosť sankcií. Sankčné prípady týkajúce sa Spojených štátov amerických. Ekonomika sankcií: trhy pred uložením sankcií, vývozné sankcie, dovozné sankcie. | ||
| 610 | 2 | 0 | |a vzťahy medzinárodné |
| 610 | 2 | 0 | |a vzťahy hospodárske medzinárodné |
| 610 | 2 | 0 | |a konflikty medzinárodné |
| 610 | 2 | 0 | |a sankcie |
| 610 | 2 | 0 | |a dovoz |
| 610 | 2 | 0 | |a vývoz |
| 610 | 2 | 0 | |a efektívnosť |
| 610 | 2 | 0 | |a efektívnosť ekonomická |
| 610 | 2 | 0 | |a USA |
| 100 | 1 | |a Grešš, Martin, 1978- | |